00642 2200193 4500001002100000005001500021035002000036007000300056008003900059082001000098084001600108100002200124245016000146260005300306300004000359650001100399650002500410022001300435INLIS00000000000125620250321085007 a0010-0325000018ta250321 | | |  a665.3 a665.3 ANI t0 aAnis Tatik Maryan1 aThe Influence Of Plant Age On Growth And Quality Of Plant Nilam Oil (Pogostemon Cablin Benth.) Under The Improvement Of Palm Oil Plant /cAnis Tatik Maryan aUnited Kingdom, Bristol :bIOP Publishing,c2020 a1-7 hlm, :bIlus ;c21 cm x 29,7 cm 4aJurnal 4aTanaman Kelapa Sawit a17551315